Score 0/20 Timer 07:00
9 Plays Today
% Correct
Venice, Italy
98.9%
Vancouver, British Columbia, Canada
87.6%
Vienna, Austria
84.3%
Vientiane, Laos
48.4%
Vaduz, Liechtenstein
47.8%
Vilnius, Lithuania
44.8%
Valencia, Spain
40.5%
Victoria, Seychelles
38.8%
Valparaíso, Chile
36.4%
Volgograd, Russia
34.5%
% Correct
Verona, Italy
26.2%
Vladivostok, Russia
26%
Veracruz, Mexico
24.1%
Victoria, British Columbia, Canada
24%
Virginia Beach, Virginia, USA
23.9%
Varna, Bulgaria
23.6%
Varanasi, India
17.6%
Valencia, Venezuela
12.5%
Valladolid, Spain
10.4%
Voronezh, Russia
8%

You're not logged in!

Compare scores with friends on all Sporcle quizzes.
OR
Log In

Sporcle TV

Today on Sporcle TV


Watch our educational content, quiz creation guides, and fun videos on Sporcle TV.

Show Comments

Extras

Top Quizzes Today


Score Distribution

Paid Content

Your Account Isn't Verified!

In order to create a playlist on Sporcle, you need to verify the email address you used during registration. Go to your Sporcle Settings to finish the process.

Report this User

Report this user for behavior that violates our Community Guidelines.

Details: